Unasylva 2002 International year of mountains

Bewaard in:
Bibliografische gegevens
Hoofdauteur: UNASYLVA
Formaat: Boek
Taal:Undetermined
Gepubliceerd in: Rome, Italy FAO 2002
Onderwerpen:
Tags: Voeg label toe
Geen labels, Wees de eerste die dit record labelt!
Thư viện lưu trữ: Trung tâm Học liệu Trường Đại học Cần Thơ
LEADER 00422nam a2200157Ia 4500
001 CTU_50551
008 210402s9999 xx 000 0 und d
082 |a 634 
082 |b U54/2002 
100 |a UNASYLVA 
245 0 |a Unasylva 2002 International year of mountains 
260 |a Rome, Italy 
260 |b FAO 
260 |c 2002 
650 |a forests and forestry 
980 |a Trung tâm Học liệu Trường Đại học Cần Thơ